| 000 | 00658nam a22002057a 4500 | ||
|---|---|---|---|
| 003 | |||
| 005 | 20251011062539.0 | ||
| 008 | 251010s2004 |||||||fr|||| 000 0 spa d | ||
| 040 |
_aUPN _bspa _cUPN |
||
| 041 | 0 | _aspa | |
| 050 | 1 | 4 |
_aAS4 U8 _bA28 2004 |
| 110 | 2 |
_aUnesco _922938 |
|
| 245 | 1 | 0 |
_aActividades extrapresupuestarias de la Unesco : _bGuía práctica |
| 260 |
_a[Lugar desconocido] : _bUnesco, Sectror de Telaciones Exteriores y Cooperación, _c2004 |
||
| 300 | _a104 páginas | ||
| 610 | 2 | 4 |
_aUnesco _xApropiaciones y gastos _924256 |
| 610 | 2 | 4 |
_aUnesco _xAdministración _vGuía _924941 |
| 902 | _aBerenice Martínez/101025 | ||
| 942 |
_2lcc _cLIBRO |
||
| 999 |
_c214267 _d214267 |
||